Normal view
MARC view
Entry Personal Name
001 - CONTROL NUMBER
- control field: 23814
003 - CONTROL NUMBER IDENTIFIER
- control field: ARRUPE
005 - DATE AND TIME OF LATEST TRANSACTION
- control field: 20160414105649.0
008 - FIXED-LENGTH DATA ELEMENTS
- fixed length control field: 160414|| aca||aabn | a|a d
040 ## - CATALOGING SOURCE
- Original cataloging agency: ARRUPE
- Transcribing agency: ARRUPE
100 ## - HEADING--PERSONAL NAME
- Personal name: Austin, Paul Britten
- Relator term: tr.
670 ## - SOURCE DATA FOUND
- Source citation: Work cat.: (ARRUPE)124587: Sjögren, Henrik, 1926- 23726, Stage and society in Sweden :, 1979.